000 00613nam a2200241Ia 4500
003 OSt
005 20221006142924.0
006 a|||||r|||| 00| 0
007 ta
008 221006b |||||||| |||| 00| 0 eng d
024 _a7,547
037 _cTextual
040 _aEASL
_cEASL
_beng
041 _2eng
_aeng
082 _aV42:594.N3, H3
100 _aCHEN Jack
_9135563
245 0 _aReal face of Japan
260 _aBombay
_bPeople's Publishing House
_c1943
300 _a59p.
_ccm.
490 _v JEL
942 _hV42:594.N3, H3
_cTEXL
_2CC
999 _c1075633
_d1075633